Where are we now? (Record no. 79803)
[ view plain ]
| 000 -LEADER | |
|---|---|
| fixed length control field | 01030cab a22002175a 4500 |
| 001 - CONTROL NUMBER | |
| control field | L142420 |
| 008 - FIXED-LENGTH DATA ELEMENTS--GENERAL INFORMATION | |
| fixed length control field | 080213e20080131xxk f 000 0 eng d |
| 035 ## - SYSTEM CONTROL NUMBER | |
| System control number | (Sirsi) u142420 |
| 041 0# - LANGUAGE CODE | |
| Language code of text/sound track or separate title | eng |
| 100 1# - MAIN ENTRY--PERSONAL NAME | |
| Personal name | McCarthy, Hui Ling |
| 245 00 - TITLE STATEMENT | |
| Title | Where are we now? |
| 260 ## - PUBLICATION, DISTRIBUTION, ETC. | |
| Date of publication, distribution, etc. | 2008 |
| 490 ## - SERIES STATEMENT | |
| Series statement | Taxation |
| Volume/sequential designation | 161(4142) 31 January 2008, 98-100(3) |
| 520 ## - SUMMARY, ETC. | |
| Summary, etc. | Considers the reasons for the dropping of the government's intended Planning Gain Supplement (PGS). Considers the industry's response to this and examines likely options for a replacement policy. Places the PGS in its historical perspective. Argues that many considered it too complicated, and this led to significant opposition which caused the plan to be shelved. Considers the merits of a tariff-based alternative which has been suggested by some in the industry. |
| 590 ## - LOCAL NOTE (RLIN) | |
| Local note | KA |
| 650 24 - SUBJECT ADDED ENTRY--TOPICAL TERM | |
| Topical term or geographic name entry element | TOWN AND COUNTRY PLANNING ACT 1990 S106 |
| 650 24 - SUBJECT ADDED ENTRY--TOPICAL TERM | |
| Topical term or geographic name entry element | PLANNING GAIN SUPPLEMENT |
| 651 #4 - SUBJECT ADDED ENTRY--GEOGRAPHIC NAME | |
| Geographic name | United Kingdom |
| Chronological subdivision | |
| 690 ## - LOCAL SUBJECT ADDED ENTRY--TOPICAL TERM (OCLC, RLIN) | |
| Topical term or geographic name as entry element | Planning and development |
| 9 (RLIN) | 6259 |
| 942 ## - ADDED ENTRY ELEMENTS (KOHA) | |
| Suppress in OPAC | 0 |
| Withdrawn status | Lost status | Source of classification or shelving scheme | Damaged status | Not for loan | Home library | Current library | Shelving location | Date acquired | Total Checkouts | Full call number | Barcode | Date last seen | Copy number | Price effective from | Koha item type |
|---|---|---|---|---|---|---|---|---|---|---|---|---|---|---|---|
| Dewey Decimal Classification | London | London | Journal article | 13/02/2008 | L142420 | 142420-1001 | 06/08/2019 | 1 | 06/08/2019 | Journal article |